000 00929nam a2200301Ia 4500
001 dia_1383
003 CHAP
005 20230131110856.0
008 220117s1971 xx 000 0 und d
010 _a171929
020 _a0-12-242350-X
040 _cCHAP
082 _a664 E85 1971
100 _aEskin, N. A. M.
_9150656
245 _aBiochemistry of foods /
_c N. A. M. Eskin, H. M. Henderson y R. J. Townsend
260 _aEstados Unidos de América :
_b Academic Press,
_c1971
300 _avii, 240 p.
504 _aIncluye bibliografías
590 _aTX353 E85 1971
650 _aAlimentos
_xBioquímica
_94173
650 _aFood
_xBiochemistry
_9150657
700 _aHenderson, H. M., coaut.
_9150658
700 _aTownsend, Ronald Jefferson, coaut.
_9150659
901 _a664 E85 1971
902 _aM
905 _a5232271971 -usamn 8222223322eng16
942 _cLIBRO
_2ddc
999 _c171929
_d171929